000 00774nac a22001931u 4500
008 100905t xxu||||| |||| 00| 0 eng d
010 _a 85007778
020 _a0412219204
082 0 0 _a624.1760287
_bCOL
100 _aCollacott, Ralph A.
_917995
245 1 0 _aStructural Integrity Monitoring /
_cR.A. Collacott.
260 _aLondon ;
_aNew York :
_bChapman and Hall,
_c1985.
300 _axiii, 474 p. :
_bill. ;
_c24 cm.
504 _aIncludes bibliographies and index.
650 0 _aStructural stability.
_917996
650 0 _aStructural failures.
_917997
942 _cBB
_k624.1760287COL
_2ddc
999 _c3875
_d3875